|
|
|
|
| LEADER |
01139nam a2200301 a 4500 |
| 001 |
000056244 |
| 003 |
CZ BrMZK |
| 005 |
20181108074914.0 |
| 007 |
ta |
| 008 |
950313s1995 xr f cze d |
| 015 |
|
|
|a cnb000104758
|
| 020 |
|
|
|a 80-7175-007-7
|
| 040 |
|
|
|a BOA001
|b cze
|
| 080 |
|
|
|a 349.2:347.44(083.76)
|2 MRF
|
| 080 |
|
|
|a 347.44(083.76)
|2 MRF
|
| 100 |
1 |
|
|a Brádlerová, Libuše
|7 jx20040831011
|4 aut
|
| 245 |
1 |
0 |
|a Vzory smluv a podání v pracovněprávních věcech /
|c Libuše Brádlerová...[et al.].
|
| 260 |
|
|
|a Praha :
|b Prospektrum,
|c 1995
|
| 300 |
|
|
|a 241 s. ;
|c 21 cm
|
| 500 |
|
|
|a Bibliogr.
|
| 653 |
0 |
|
|a pracovní právo
|a právní smlouvy
|
| 856 |
4 |
1 |
|u http://www.digitalniknihovna.cz/mzk/uuid/uuid:a0a99040-2991-11e2-a433-005056827e52
|y Digitalizovaný dokument
|x NDK
|
| 910 |
|
|
|a BOA001
|b 2-1016.400
|b TK-0256.230
|
| 920 |
|
|
|a 000019908
|
| 964 |
|
|
|a Smlouvy právní
|x vzory
|
| 990 |
|
|
|a BK
|
| 996 |
6 |
|
|b 2610031253
|c 2-1016.400
|l MZK
|r Sklad / do 1 hodiny
|n 10
|p p.v.
|w 000056244
|u 000010
|a 1
|e BOA001
|j MZK50
|s P
|
| 996 |
7 |
|
|b 2620000226
|c TK-0256.230
|l MZK
|r Sklad / do 24 hodin
|n 8
|p kup
|w 000056244
|u 000030
|a 1
|e BOA001
|j MZK50
|s A
|